00728nam a2200181 a 450000100100000000500170001000800410002704000250006810000300009324500680012326000400019130000210023149000270025270000380027983000340031795201780035199900170052900004014620201002033939.0130809s1966 sp 000 0 spa d aDO-SdBNPbspacBNPHU1 aPedrolo, Manuel de96641810aHombres y no /cManuel de Pedrolo ; prólogo José Monleón. aBarcelona :bAymá Editora,c1966. a132 p. ;c20 cm.1 aVoz imagenateatrov101 aMonleón, Joséepról.966419 0aVoz imagenateatrov10966420 0010507-18MOaGRbGRcOId2013-08-09iLF1l0o p40146-10r2020-06-25w2020-06-25y1zPerteneció a la biblioteca personal de Aída Cartagena PortalatínZNo se presta c39636d39636